000 00731nam a2200217 a 4500
001 000035418
005 20200930074328.0
008 111031s1954 sp 000 0 spa d
020 _a8428601054
020 _a8428601046
040 _aDO-SdBNP
_bspa
_cBNPHU
082 _aXXXX
100 1 _aKazantzaki, Nikos
_961250
240 1 0 _aO xplotoc eavaoupovetal
_lEspañol
245 1 0 _aCristo de nuevo crucificado /
_cNikos Kazantzaki ; José Luis de Izquierdo Hernández.
260 _aBuenos Aires :
_bPomaire,
_c1954.
300 _a541 p. ;
_c20 cm.
500 _aTradicido del griego
590 _aPerteneció a la biblioteca personal de Juan Isidro Jimenes Grullón
700 1 2 _aIzquierdo Hernández, José Luis de
_etr.
_961251
999 _c34909
_d34909